00323nam a2200133Ia 4500008004100000041000800041082001500049100001600064245003600080250001400116260002900130300002500159365000500184240624s9999 xx 000 0 und d aeng a657.42 HUS aHUSSEY JILL aCOST AND MANAGENMENT ACCOUNTING a(2nd ed.) c1999aNew YorkbPalgrave axi, : 238 : cm. ; 24 c